00526nam a2200205Ia 4500008004100000040000600041041001200047082001400059082001100073100001500084245003800099245001500137260001400152260003500166260000900201300005500210300001200265501002500277650001800302141004s9999 xx 000 0 und d ca aEnglish a580.09152 bANO/PR aEV Anoop aPractical manual in forest botany cEV Anoop aThrissur  bKerala Agricultural University c2007 a104 p.  b24.5 cm aAL1-2  aForest botany